00951nam a2200241 a 4500001001900000003000400019005001700023008004100040020001500081035003900096035002500135035002300160040002400183100001900207245013000226250001200356260005000368300002600418500012200444650005200566650006400618830002700682991011490729706706OSt20211201131950.0020404s2001 sp |||||| 001 ||spa|c a8479480467 a(ES-BaCBU)b27768065-34csuc_network a(ES-BaCBU).b27768065 a(ccuc001)b27768065 aES-BaCBUbcatcCDMR1 aPostman, Neil.10aDivertirse hasta morir :bel discurso público en la era del "show business" /cNeil Postman ; traducción de Enrique Odell a2ª ed. aBarcelona :bEdiciones de la Tempestad,c2001 a195 pàgines;c22 cm aEd. orig.: Amusing ourselves to death : public discourse in the age of show business. New York : Viking Penguin, 198504aMitjans de comunicació de massaxInfluència04aMitjans de comunicació de massazEstats Units d'Amèrica 0aIdeas (Tempestad) ;v1